Quick Pick: Emmy Lead Comedy Actress Winners 1995-2004 Quiz Stats

 Plays Quiz not verified by Sporcle

Score 0/10 Timer 01:00
0 Plays Today
% Correct
Jamie Buchman
98.5%
Jamie Buchman
98.1%
Jamie Buchman
97.4%
Carrie Bradshaw
95.5%
Jamie Buchman
95.5%
Rachel Green
95.1%
Debra Barone
93.3%
Debra Barone
92.9%
Murphy Brown
92.1%
Grace Adler
91%

You're not logged in!

Compare scores with friends on all Sporcle quizzes.
OR
Log In

Sporcle TV

Today on Sporcle TV


Watch our educational content, quiz creation guides, and fun videos on Sporcle TV.

Show Comments

Extras

Top Quizzes Today


Score Distribution

Your Account Isn't Verified!

In order to create a playlist on Sporcle, you need to verify the email address you used during registration. Go to your Sporcle Settings to finish the process.

Report this User

Report this user for behavior that violates our Community Guidelines.

Details: